Primeira Liga Sieger - Statistiken

Allgemein
  • Dieses Quiz wurde 262 mal gespielt
    46 seit der letzten Aktualisierung
  • Das Durchschnittsergebnis liegt bei 88 aus 91
Antwortstatistiken
Saison Sieger % Korrekt
1934-1935 FC Porto
100%
1938-1939 FC Porto
100%
1939-1940 FC Porto
100%
1955-1956 FC Porto
100%
1958-1959 FC Porto
100%
1977-1978 FC Porto
100%
1978-1979 FC Porto
100%
1984-1985 FC Porto
100%
1985-1986 FC Porto
100%
1987-1988 FC Porto
100%
1989-1990 FC Porto
100%
1991-1992 FC Porto
100%
1992-1993 FC Porto
100%
1994-1995 FC Porto
100%
1995-1996 FC Porto
100%
1996-1997 FC Porto
100%
1997-1998 FC Porto
100%
1998-1999 FC Porto
100%
2002-2003 FC Porto
100%
2003-2004 FC Porto
100%
2005-2006 FC Porto
100%
2006-2007 FC Porto
100%
2007-2008 FC Porto
100%
2008-2009 FC Porto
100%
2010-2011 FC Porto
100%
2011-2012 FC Porto
100%
2012-2013 FC Porto
100%
2017-2018 FC Porto
100%
2019-2020 FC Porto
100%
2021-2022 FC Porto
100%
1935-1936 Benfica Lissabon
98%
1936-1937 Benfica Lissabon
98%
1937-1938 Benfica Lissabon
98%
1941-1942 Benfica Lissabon
98%
1942-1943 Benfica Lissabon
98%
1944-1945 Benfica Lissabon
98%
1949-1950 Benfica Lissabon
98%
1954-1955 Benfica Lissabon
98%
1956-1957 Benfica Lissabon
98%
1959-1960 Benfica Lissabon
98%
1960-1961 Benfica Lissabon
98%
1962-1963 Benfica Lissabon
98%
1963-1964 Benfica Lissabon
98%
1964-1965 Benfica Lissabon
98%
1966-1967 Benfica Lissabon
98%
1967-1968 Benfica Lissabon
98%
1968-1969 Benfica Lissabon
98%
1970-1971 Benfica Lissabon
98%
1971-1972 Benfica Lissabon
98%
1972-1973 Benfica Lissabon
98%
1974-1975 Benfica Lissabon
98%
1975-1976 Benfica Lissabon
98%
1976-1977 Benfica Lissabon
98%
1980-1981 Benfica Lissabon
98%
1982-1983 Benfica Lissabon
98%
1983-1984 Benfica Lissabon
98%
1986-1987 Benfica Lissabon
98%
1988-1989 Benfica Lissabon
98%
1990-1991 Benfica Lissabon
98%
1993-1994 Benfica Lissabon
98%
2004-2005 Benfica Lissabon
98%
2009-2010 Benfica Lissabon
98%
2013-2014 Benfica Lissabon
98%
2014-2015 Benfica Lissabon
98%
2015-2016 Benfica Lissabon
98%
2016-2017 Benfica Lissabon
98%
2018-2019 Benfica Lissabon
98%
2022-2023 Benfica Lissabon
98%
1940-1941 Sporting Lissabon
95%
1943-1944 Sporting Lissabon
95%
1946-1947 Sporting Lissabon
95%
1947-1948 Sporting Lissabon
95%
1948-1949 Sporting Lissabon
95%
1950-1951 Sporting Lissabon
95%
1951-1952 Sporting Lissabon
95%
1952-1953 Sporting Lissabon
95%
1953-1954 Sporting Lissabon
95%
1957-1958 Sporting Lissabon
95%
1961-1962 Sporting Lissabon
95%
1965-1966 Sporting Lissabon
95%
1969-1970 Sporting Lissabon
95%
1973-1974 Sporting Lissabon
95%
1979-1980 Sporting Lissabon
95%
1981-1982 Sporting Lissabon
95%
1999-2000 Sporting Lissabon
95%
2001-2002 Sporting Lissabon
95%
2020-2021 Sporting Lissabon
95%
2023-2024 Sporting Lissabon
95%
2024-2025 Sporting Lissabon
95%
2000-2001 Boavista Porto
60%
1945-1946 Belenenses Lissabon
24%
Keine übereinstimmenden Quizze gefunden
Verteilung der Resultate
Anzahl Personen mit jedem Resultat
Perzentil nach korrekt beantworteten Fragen
Ihre Resultats-Entwicklung
Sie haben dieses Quiz seit der letzten Aktualisierung nicht gespielt